01257nam a2200193 450000500170000000800410001704000440005804100080010208200140011010000330012424502800015726000610043730000590049850003820055750500460093950600210098565000370100665000200104320160404142319.0160404s1827 sp ||||fr|||| 001 0 spa d aCO-BoUCMbspacSandra YazodSandra Yazo1 aspa04220a280.41 aCobbett, Williamd1763-1835 10aHistoria de la reforma protestante en Inglaterra e IrlandabEn la cual se demuestra que dicha reforma ha empobrecido y degradado la masa del pueblo en ambos países ...cpor Sir William Cobbett ; Traducida del inglés al castellano ... por ... Alfonso Chalumeau de Verneuil aMadrid (España)bImprenta y librería de Sanchac1827 a2 volúmnes (xviii, 342 ; 388 páginas)c18 x 12 cm. aDetalles físicos: Encuadernación rígida en cartón forrado en cuero. Lomo con tejuelos pintados, adornos en dorado y repujados. Guardas en papel de agua. Anteportada, al verso una firma. Portada impresa en una sola tinta. Cenefas. Texto impreso en una sola columna, algunas notas al pie de página. Papel con algunas manchas. Ejemplares en buen estado de conservación2 aV.1: carta 1 – 8 ; V.2: Carta 9 – 16  aConsulta en sala 7aReforma protestante zInglaterra 7aProtestantismo